Laudato Si: Praise be to you (Record no. 20604)

MARC details
000 -LEADER
fixed length control field 00311nam a22001217a 4500
082 ## - DEWEY DECIMAL CLASSIFICATION NUMBER
Classification number 261.8362 FRA
100 ## - MAIN ENTRY--AUTHOR NAME
Author name Francis, Pope
245 ## - TITLE STATEMENT
Title Laudato Si: Praise be to you
260 ## - PUBLICATION, DISTRIBUTION, ETC. (IMPRINT)
Place of publication Trivandrum, Kerala
Name of publisher Carmel International Publishing House
300 ## - PHYSICAL DESCRIPTION
Number of Pages 200
650 ## - SUBJECT ADDED ENTRY--TOPICAL TERM
Topical Term Ecology & Christianity
942 ## - ADDED ENTRY ELEMENTS (KOHA)
Koha item type Books
Holdings
Home library Current library Shelving location Date acquired Cost, normal purchase price Full call number Accession Number Koha item type
Henry Martyn Institute Library Henry Martyn Institute Library General stacks 08/24/2017 85.00 261.8362 FRA 25341 Books
                   Copyright © 2026 | Henry Martyn Institute | Hyderabad | TS-500052 | INDIA | Implemented by hmi.edu.in
Hit-Count:

Powered by Koha